Environmental engineering (Record no. 5357)

000 -LEADER
fixed length control field 00678nam a2200241 4500
001 - CONTROL NUMBER
control field 5357
003 - CONTROL NUMBER IDENTIFIER
control field BD-DhUET
008 - FIXED-LENGTH DATA ELEMENTS--GENERAL INFORMATION
fixed length control field 141126b xxu||||| |||| 00| 0 eng d
020 ## - INTERNATIONAL STANDARD BOOK NUMBER
International Standard Book Number 0071002316
040 ## - CATALOGING SOURCE
Transcribing agency 0
Modifying agency BD-DhUET
082 ## - DEWEY DECIMAL CLASSIFICATION NUMBER
Classification number 628
Item number PEA/1985
100 ## - MAIN ENTRY--PERSONAL NAME
Personal name Peavy, Howard S
245 ## - TITLE STATEMENT
Title Environmental engineering
250 ## - EDITION STATEMENT
Edition statement 1st ed.
260 ## - PUBLICATION, DISTRIBUTION, ETC. (IMPRINT)
Place of publication, distribution, etc. New york
Name of publisher, distributor, etc. McGraw-Hill
Date of publication, distribution, etc. 1985
300 ## - PHYSICAL DESCRIPTION
Extent xiv,699 p.+various paging
Other physical details ill.
490 ## - SERIES STATEMENT
Series statement McGraw-Hill series in water resources and environmental engineering
504 ## - BIBLIOGRAPHY, ETC. NOTE
Bibliography, etc Includes bibliographies
650 #0 - SUBJECT ADDED ENTRY--TOPICAL TERM
Topical term or geographic name as entry element Environmental engineering
700 ## - ADDED ENTRY--PERSONAL NAME
Personal name Rowe, Donald R.
700 ## - ADDED ENTRY--PERSONAL NAME
Personal name Tchobanoglous, George
942 ## - ADDED ENTRY ELEMENTS (KOHA)
Koha item type General Book
Holdings
Price effective from Shelving location Withdrawn status Koha issues (times borrowed) Koha renewals Copy number Damaged status Koha date last borrowed Location (home branch) Not for loan Sublocation or collection (holding branch) Lost status Koha date last seen Koha full call number Source of classification or shelving scheme Piece designation (barcode) Koha item type Date acquired Koha normalized classification for sorting
2014-11-26Circulation section 9 1 2023-12-10Central Library, BUET Central Library, BUET 2024-09-08628/PEA/1985 81896General Book2014-11-26628PEA1985
2014-11-26Circulation section 10 2 2024-03-16Central Library, BUET Central Library, BUET 2024-06-02628/PEA/1985 81895General Book2014-11-26628PEA1985
2015-06-18Reading section   3  Central Library, BUET Central Library, BUET 2015-06-18628/PEA/1985 88788Reading Item2015-06-18628_000000000000000_PEA_1985
2015-06-18Reading section   4  Central Library, BUET Central Library, BUET 2015-06-18628/PEA/1985 87579Reading Item2015-06-18628_000000000000000_PEA_1985
2017-10-31Circulation section 2 5 2020-03-16Central Library, BUET Central Library, BUET 2021-11-13628/PEA/1985 81894General Book1991-10-28628_000000000000000_PEA_1985
2024-12-01Rental section   ক-৫১  Central Library, BUET Central Library, BUET 2024-12-01628 PEA/1985 81847Rental Item1991-10-28628_000000000000000_PEA_1985
2024-12-01Rental section   ক-৭৮  Central Library, BUET Central Library, BUET 2024-12-01628 PEA/1985 81874Rental Item1991-10-28628_000000000000000_PEA_1985
2024-12-01Rental section   ক-৭৯  Central Library, BUET Central Library, BUET 2024-12-01628 PEA/1985 81875Rental Item1991-10-28628_000000000000000_PEA_1985
2024-12-01Rental section   ক-৮০  Central Library, BUET Central Library, BUET 2024-12-01628 PEA/1985 81876Rental Item1991-10-28628_000000000000000_PEA_1985
2024-12-01Rental section   ক-৮১  Central Library, BUET Central Library, BUET 2024-12-01628 PEA/1985 81877Rental Item1991-10-28628_000000000000000_PEA_1985
2024-12-01Rental section   ক-৮২  Central Library, BUET Central Library, BUET 2024-12-01628 PEA/1985 81878Rental Item1991-10-28628_000000000000000_PEA_1985
2024-12-01Rental section   ক-৮৩  Central Library, BUET Central Library, BUET 2024-12-01628 PEA/1985 81879Rental Item1991-10-28628_000000000000000_PEA_1985
2024-12-01Rental section   ক-৮৪  Central Library, BUET Central Library, BUET 2024-12-01628 PEA/1985 81880Rental Item1991-10-28628_000000000000000_PEA_1985
2024-12-01Rental section   ক-৮৫  Central Library, BUET Central Library, BUET 2024-12-01628 PEA/1985 81881Rental Item1991-10-28628_000000000000000_PEA_1985
2024-12-01Rental section   ক-৮৬  Central Library, BUET Central Library, BUET 2024-12-01628 PEA/1985 81882Rental Item1991-10-28628_000000000000000_PEA_1985
2024-12-01Rental section   ক-৮৭  Central Library, BUET Central Library, BUET 2024-12-01628 PEA/1985 81883Rental Item1991-10-28628_000000000000000_PEA_1985
2024-12-01Rental section   ক-৮৭  Central Library, BUET Central Library, BUET 2024-12-01628 PEA/1985 81884Rental Item1991-10-28628_000000000000000_PEA_1985